000 00662nam a22002177a 4500
003 UA-OsUOA
001 49164
007 ta
008 20070924b un ||||| |||| 00| 0 ukr d
090 _a311.313(477.81)
_bС76
942 _cBK
040 _aUA-OsUOA
_bukr
_cUA-OsUOA
_dUA-OsUOA
245 _aСтан здоров'я населення Рівненської області
_bСтатистичний збірник
300 _a42 с.
955 _a2
041 _aukr
080 _a311.313(477.81)
260 _aОстрог
_c2007
650 7 _a311 Статистика як наука. Теорія статистики
_2UDC
999 _c335277
_d335277